Pokemon TCG: SWSH Promo cards - Statistics

General Stats
  • This quiz has been taken 10 times
  • The average score is 123 of 279
Answer Stats
Hint Answer % Correct
SWSH001 | SWSH070 Grookey
100%
SWSH002 | SWSH071 | SWSH244 Scorbunny
100%
SWSH003 | SWSH073 Sobble
100%
SWSH066 Charizard
83%
SWSH112 Cinderace
83%
SWSH144 Greninja
83%
SWSH113 Inteleon
83%
SWSH020 | SWSH039 | SWSH153 | SWSH234 Pikachu
83%
SWSH006 Rillaboom
83%
SWSH033 Zacian
83%
SWSH034 Zamazenta
83%
SWSH092 | SWSH232 Charmander
67%
SWSH098 | SWSH110 Crobat V
67%
SWSH042 | SWSH095 | SWSH118 | +4 others Eevee
67%
SWSH046 Eldegoss
67%
SWSH084 Eldegoss V
67%
SWSH174 Espeon
67%
SWSH044 | SWSH064 Eternatus V
67%
SWSH045 Eternatus VMAX
67%
SWSH022 | SWSH189 Flapple
67%
SWSH041 Flareon
67%
SWSH149 | SWSH179 Flareon V
67%
SWSH180 Flareon VMAX
67%
SWSH111 Galarian Rapidash V
67%
SWSH052 | SWSH241 Gengar
67%
SWSH192 Glaceon
67%
SWSH155 | SWSH156 | SWSH157 | SWSH158 Greninja V-Union
67%
SWSH094 Jolteon
67%
SWSH151 | SWSH183 Jolteon V
67%
SWSH184 Jolteon VMAX
67%
SWSH191 Leafeon
67%
SWSH137 Light Toxtricity
67%
SWSH186 Lucario
67%
SWSH223 | SWSH229 Mewtwo V
67%
SWSH136 Mimikyu
67%
SWSH012 | SWSH031 | SWSH116 Morpeko
67%
SWSH056 Morpeko V
67%
SWSH215 | SWSH216 | SWSH217 | SWSH218 Morpeko V-Union
67%
SWSH061 | SWSH063 | SWSH143 | +3 others Pikachu V
67%
SWSH062 | SWSH286 Pikachu VMAX
67%
SWSH139 | SWSH140 | SWSH141 | SWSH142 Pikachu V-Union
67%
SWSH029 Rayquaza
67%
SWSH032 | SWSH068 | SWSH119 Snorlax
67%
SWSH211 Sylveon
67%
SWSH202 Sylveon V
67%
SWSH129 Umbreon
67%
SWSH072 Vaporeon
67%
SWSH150 | SWSH181 Vaporeon V
67%
SWSH182 Vaporeon VMAX
67%
SWSH018 | SWSH076 Zacian V
67%
SWSH163 | SWSH164 | SWSH165 | SWSH166 Zacian V-Union
67%
SWSH204 Arceus V
50%
SWSH101 Blastoise V
50%
SWSH103 Blastoise VMAX
50%
SWSH085 | SWSH219 Boltund V
50%
SWSH231 Bulbasaur
50%
SWSH082 Bunnelby
50%
SWSH050 | SWSH260 Charizard V
50%
SWSH261 Charizard VMAX
50%
SWSH262 Charizard VSTAR
50%
SWSH015 Cinderace V
50%
SWSH200 Corviknight V
50%
SWSH086 Cramorant V
50%
SWSH221 Cyndaquil
50%
SWSH080 Dedenne
50%
SWSH132 Dragapult
50%
SWSH047 Drednaw
50%
SWSH065 Eevee V
50%
SWSH087 Eevee VMAX
50%
SWSH201 Espeon V
50%
SWSH196 Glaceon V
50%
SWSH037 Hydreigon
50%
SWSH130 Ice Rider Calyrex V
50%
SWSH016 Inteleon V
50%
SWSH248 Kleavor V
50%
SWSH249 Kleavor VSTAR
50%
SWSH171 Latias
50%
SWSH194 Leafeon V
50%
SWSH213 Lucario V
50%
SWSH214 Lucario VSTAR
50%
SWSH199 Lycanroc V
50%
SWSH224 Melmetal V
50%
SWSH004 Meowth V
50%
SWSH005 Meowth VMAX
50%
SWSH168 | SWSH210 Oricorio
50%
SWSH222 Oshawott
50%
SWSH146 Poke Ball
50%
SWSH081 Polteageist
50%
SWSH167 Professor Burnet
50%
SWSH230 Radiant Eevee
50%
SWSH014 Rillaboom V
50%
SWSH220 Rowlet
50%
SWSH131 Shadow Rider Calyrex V
50%
SWSH233 Squirtle
50%
SWSH017 Toxtricity V
50%
SWSH203 Umbreon V
50%
SWSH100 Venusaur V
50%
SWSH102 Venusaur VMAX
50%
SWSH019 | SWSH077 Zamazenta V
50%
SWSH083 Alakazam V
33%
SWSH188 Bibarel
33%
SWSH173 Blitzle
33%
SWSH048 Centiskorch
33%
SWSH024 | SWSH054 Coalossal
33%
SWSH242 Comfey
33%
SWSH030 Copperajah V
33%
SWSH245 Croagunk
33%
SWSH099 Crobat VMAX
33%
SWSH134 Dark Sylveon V
33%
SWSH170 Deoxys
33%
SWSH266 Deoxys V
33%
SWSH154 | SWSH235 Dragonite V
33%
SWSH028 | SWSH060 Duraludon
33%
SWSH122 Flaaffy
33%
SWSH007 Frosmoth
33%
SWSH125 Galarian Moltres
33%
SWSH079 Galarian Mr. Rime
33%
SWSH008 Galarian Perrserker
33%
SWSH126 Galarian Slowpoke
33%
SWSH197 Glaceon VSTAR
33%
SWSH057 Grimmsnarl V
33%
SWSH238 Hisuian Decidueye V
33%
SWSH207 Hisuian Samurott
33%
SWSH138 Hydreigon C
33%
SWSH252 Infernape V
33%
SWSH299 Jirachi V
33%
SWSH133 Lance's Charizard V
33%
SWSH195 Leafeon VSTAR
33%
SWSH069 Lugia
33%
SWSH250 Lumineon V
33%
SWSH023 Luxray
33%
SWSH053 | SWSH243 Machamp
33%
SWSH120 | SWSH121 Marnie
33%
SWSH159 | SWSH160 | SWSH161 | SWSH162 Mewtwo V-Union
33%
SWSH152 | SWSH178 Professor's Research
33%
SWSH107 Rapid Strike Urshifu V
33%
SWSH147 Rayquaza V
33%
SWSH106 Single Strike Urshifu V
33%
SWSH177 Special Delivery Bidoof
33%
SWSH075 Special Delivery Charizard
33%
SWSH074 Special Delivery Pikachu
33%
SWSH172 Tepig
33%
SWSH209 Toxel
33%
SWSH295 Virizion V
33%
SWSH011 Wooloo
33%
SWSH058 Alcremie
17%
SWSH225 Alolan Exeggutor V
17%
SWSH036 Arctozolt
17%
SWSH093 Arrokuda
17%
SWSH227 Blanche
17%
SWSH228 Candela
17%
SWSH296 Champions Festival
17%
SWSH009 Cinccino
17%
SWSH114 Cresselia
17%
SWSH035 Decidueye
17%
SWSH267 Deoxys VMAX
17%
SWSH096 Dragapult V
17%
SWSH097 Dragapult VMAX
17%
SWSH236 Dragonite VSTAR
17%
SWSH049 Dubwool V
17%
SWSH128 Eiscue
17%
SWSH108 Empoleon V
17%
SWSH240 Finneon
17%
SWSH123 Galarian Articuno
17%
SWSH059 | SWSH193 Galarian Obstagoon
17%
SWSH013 Galarian Ponyta
17%
SWSH043 Galarian Sirfetch'd V
17%
SWSH124 Galarian Zapdos
17%
SWSH258 Gallade V
17%
SWSH259 Giratina V
17%
SWSH010 Gossifleur
17%
SWSH040 Hatenna
17%
SWSH055 Hatterene V
17%
SWSH205 Hisuian Basculegion
17%
SWSH294 Hisuian Electrode V
17%
SWSH239 Hisuian Samurott V
17%
SWSH237 Hisuian Typhlosion V
17%
SWSH297 Hisuian Zoroark V
17%
SWSH298 Hisuian Zoroark VSTAR
17%
SWSH090 Houndoom
17%
SWSH038 Kangaskhan
17%
SWSH051 Lapras
17%
SWSH187 Liepard
17%
SWSH208 Magnezone
17%
SWSH275 Manaphy
17%
SWSH185 Moltres
17%
SWSH027 Noctowl
17%
SWSH148 Noivern V
17%
SWSH089 Octillery
17%
SWSH078 Orbeetle V
17%
SWSH255 | SWSH256 Origin Forme Dialga V
17%
SWSH253 Origin Forme Palkia V
17%
SWSH254 Origin Forme Palkia VSTAR
17%
SWSH115 Passimian
17%
SWSH021 Polteageist V
17%
SWSH169 Pyukumuku
17%
SWSH247 Regigigas
17%
SWSH257 Rotom V
17%
SWSH226 Spark
17%
SWSH109 Tyranitar V
17%
SWSH206 Wyrdeer
17%
SWSH135 Zacian Lv. X
17%
SWSH263 Zeraora V
17%
SWSH091 Bronzong
0%
SWSH088 Cherrim
0%
SWSH274 Cranidos
0%
SWSH268 Deoxys VSTAR
0%
SWSH067 Donphan
0%
SWSH025 Garbodor
0%
SWSH105 Gardevoir V
0%
SWSH273 Hisuian Basculin
0%
SWSH176 Hoopa V
0%
SWSH026 Mantine
0%
SWSH117 Phanpy
0%
SWSH276 Togetic
0%
SWSH104 Victini V
0%
SWSH246 Weavile
0%
SWSH264 Zeraora VMAX
0%
SWSH265 Zeraora VSTAR
0%
No matching quizzes found
Score Distribution
Percent of People with Each Score
Percentile by Number Answered
Your Score History
You have not taken this quiz